000 00219nam a2200097Ia 4500
008 190216s9999||||xx |||||||||||||| ||und||
100 _aNull
245 0 _aOrganic Chemistry
260 _bSarkar P B&Rakshit P C
942 _cBK
999 _c1986
_d1986